Cuestiones del análisis de Fourier: convergencia en media de algunas series ortogonales
Uloženo v:
| Hlavní autoři: | , |
|---|---|
| Médium: | Kniha |
| Jazyk: | španělština |
| Vydáno: |
Bahía Blanca
Universidad Nacional del Sur
1976
|
| Edice: | Notas de Algebra y Análisis, 5
|
| Témata: | |
| Tagy: |
Přidat tag
Žádné tagy, Buďte první, kdo vytvoří štítek k tomuto záznamu!
|
MARC
| LEADER | 00000nam a2200000 a 4500 | ||
|---|---|---|---|
| 001 | UCP0308 | ||
| 003 | CL-VaPUC | ||
| 008 | 990305e19760000AG |||||||||||||||||spa|d | ||
| 082 | 0 | 4 | |a 515.2433 |b BEN |2 21 |
| 100 | 0 | |a Benedek, Agnes Ilona |e author |9 425483 | |
| 700 | 0 | |a Murphy, Eduardo Ramón |e author |9 425484 | |
| 245 | 1 | 0 | |a Cuestiones del análisis de Fourier: convergencia en media de algunas series ortogonales |
| 300 | |a 132 p | ||
| 942 | |c BK | ||
| 945 | |d 19990305 00:00:00 |a crobeson | ||
| 260 | |a Bahía Blanca |b Universidad Nacional del Sur |c 1976 | ||
| 650 | 0 | |a Análisis de Fourier |9 260464 | |
| 650 | 0 | |a Interpolación |9 358854 | |
| 650 | 0 | |a Espacio de Hilbert |9 260141 | |
| 650 | 0 | |a Polinomios |9 270626 | |
| 650 | 0 | |a Análisis armónico |9 269929 | |
| 650 | 0 | |a Aproximaciones asintóticas |9 425485 | |
| 650 | 7 | |a SERIES DE JACOBI |2 CL-VaPUC |9 425486 | |
| 650 | 7 | |a SERIES DE BESSEL |2 CL-VaPUC |9 425487 | |
| 650 | 7 | |a SERIES DE DINI |2 CL-VaPUC |9 425488 | |
| 583 | |a last modification |c 19990305 00:00:00 |k Rodrigo Vera | ||
| 490 | 0 | |a Notas de Algebra y Análisis, 5 | |
| 999 | |c 279134 |d 279132 | ||
| 952 | |0 0 |1 0 |4 0 |6 515_243300000000000_BEN_1976 |7 0 |8 A |9 318053 |a BIBMAT |b BIBMAT |d 2019-11-20 |i 1323776 |o 515.2433 BEN 1976 |p 1323776 |r 2025-01-07 |w 2019-11-20 |y BK |k MAT | ||